000
00315 a2200145 4500
001
17849
020
_a
9781405074124
040
_c
Anchieta - Bela Vista
240
1
0
_a
New year´s eve
_l
eng
245
1
0
_a
New year´s eve
300
_a
23
362
0
_a
2014
650
4
_a
Literatura juvenil em inglês
942
_c
BK
999
_c
17849
_d
17849